[Event "GER-ch U18 Girls"]
[Site "Willingen"]
[Date "2003.06.10"]
[Round "4"]
[White "Lobe, Sandra"]
[Black "Blodig, Carolin"]
[Result "0-1"]
[WhiteElo "1473"]
[BlackElo "1946"]
[PlyCount "56"]
[EventDate "2003.06.08"]
[EventType "swiss"]
[EventRounds "9"]
[EventCountry "GER"]
[SourceTitle "CBM 094 Extra"]
[Source "ChessBase"]
[SourceDate "2003.07.09"]
[SourceVersion "2"]
[SourceVersionDate "2003.07.09"]
[SourceQuality "1"]

1. e4 d5 2. exd5 Qxd5 3. Nc3 Qa5 4. d4 Nf6 5. Bc4 Bg4 6. f3 Bf5 7. Nge2 e6 8. Bd2 c6 9. Ng3 Bg6 10. h4 Qc7 11. Nge2 Bd6 12. Rh3 h5 13. f4 Bf5 14. Rh1 Bg4 15. g3 Nbd7 16. Be3 Nb6 17. Bb3 0-0-0 18. Qd3 Bb4 19. Bd2 a6 20. Qe3 c5 21. 0-0-0 cxd4 22. Nxd4 Bxd1 23. Rxd1 Ng4 24. Qg1 Bc5 25. Be3 e5 26. Nf5 Nxe3 27. Nxe3 exf4 28. gxf4 Qxf4 0-1